[Event "Gibraltar Masters"]
[Site "Caleta ENG"]
[Date "2011.02.03"]
[Round "10.4"]
[White "Mikhalevski, Victor"]
[Black "Roiz, Michael"]
[Result "0-1"]
[WhiteTitle "GM"]
[BlackTitle "GM"]
[WhiteElo "2579"]
[BlackElo "2649"]
[WhiteFideId "2801914"]
[BlackFideId "2804158"]
[EventDate "2011.01.25"]
[EventType "swiss"]

1. d4 d5 2. c4 e6 3. Nf3 Nf6 4. g3 Bb4+ 5. Nbd2 dxc4 6. Bg2 a5 7. O-O b5 8. a4
c6 9. b3 c3 10. Nb1 Bb7 11. Qc2 bxa4 12. bxa4 c5 13. Nxc3 O-O 14. dxc5 Nbd7 15.
Nb5 Nxc5 16. Rd1 Qe7 17. Ne5 Nd5 18. Nc4 Bc6 19. e4 Nf6 20. Ncd6 Rad8 21. Be3
Nfd7 22. e5 Bxg2 23. Kxg2 f6 24. f4 fxe5 25. fxe5 Nxa4 26. Rxa4 Nxe5 27. Bc5 Qf6
28. Qe2 Bxc5 29. Rf4 Qg6 30. Rxf8+ Rxf8 31. Qxe5 Qc2+ 32. Kh3 Qxd1 33. Qxc5 Qf1+
34. Kh4 Qf2 35. Qxf2 Rxf2 36. h3 a4 37. Na3 Kf8 38. Ndc4 Ke7 39. g4 Rf3 40. g5
Rc3 41. Kg4 Kd7 42. Ne5+ Kc8 43. Nec4 Kb7 44. Nd6+ Kc6 45. Ndb5 Rd3 46. g6 hxg6
47. h4 Kc5 48. Kg5 Kb4 0-1

[Event "Gibraltar Masters"]
[Site "Caleta ENG"]
[Date "2011.02.03"]
[Round "10.7"]
[White "Kosintseva, Nadezhda"]
[Black "Adams, Michael"]
[Result "1/2-1/2"]
[WhiteTitle "IM"]
[BlackTitle "GM"]
[WhiteElo "2552"]
[BlackElo "2723"]
[WhiteFideId "4134974"]
[BlackFideId "400041"]
[EventDate "2011.01.25"]
[EventType "swiss"]

1. e4 e5 2. Nf3 Nc6 3. Bb5 Bc5 4. c3 Nf6 5. d4 exd4 6. e5 Ne4 7. O-O d5 8. cxd4
Bb6 9. Be3 O-O 10. Bxc6 bxc6 11. Qc2 Bg4 12. Nfd2 Nxd2 13. Nxd2 f6 14. f4 Qd7
15. Rac1 Rae8 16. Rfe1 fxe5 17. fxe5 Re6 18. Rf1 Rfe8 19. Rce1 Qe7 20. Nf3 Rg6
21. Qd2 Rf8 22. Ng5 h6 23. Rxf8+ Qxf8 24. Rf1 Qe7 25. Nf3 Bf5 26. b4 Be4 27. Ne1
a5 28. a3 axb4 29. axb4 Qe6 30. Rf2 Rg4 31. Nd3 Bxd3 32. Qxd3 Re4 33. Rf4 Rxf4
34. Bxf4 Qe7 35. Qd2 Qh4 36. h3 Kf7 1/2-1/2

[Event "Gibraltar Masters"]
[Site "Caleta ENG"]
[Date "2011.02.03"]
[Round "10.12"]
[White "Sengupta, Deep"]
[Black "Georgiev, Kiril"]
[Result "0-1"]
[WhiteTitle "GM"]
[BlackTitle "GM"]
[WhiteElo "2530"]
[BlackElo "2669"]
[WhiteFideId "5008352"]
[BlackFideId "2900017"]
[EventDate "2011.01.25"]
[EventType "swiss"]

1. e4 e5 2. Nf3 Nc6 3. Bb5 Nf6 4. O-O Nxe4 5. Re1 Nd6 6. Nxe5 Be7 7. Bf1 Nf5 8.
Nf3 O-O 9. d4 d5 10. c3 Re8 11. Bd3 Bd6 12. Rxe8+ Qxe8 13. Nbd2 f6 14. Nf1 Qf7
15. Qc2 g6 16. Bd2 Bd7 17. Re1 Nce7 18. c4 c6 19. c5 Bc7 20. Qa4 Qf8 21. Ba5 b6
22. Bb4 a5 23. Bc3 b5 24. Qc2 Qf7 25. a3 Ng7 26. Ng3 Nef5 27. Nf1 Ne7 28. Ng3
Ne6 29. Ne2 Kh8 30. Bd2 Re8 31. a4 b4 32. Nc1 Nf4 33. Bxf4 Bxf4 34. Nb3 Bc7 35.
Nfd2 g5 36. Nf1 f5 37. f3 Rf8 38. Qe2 Ng6 39. Bc2 Qf6 40. Qa6 Bc8 41. Qe2 h5 42.
Qe3 Kg7 43. Ng3 Kh6 44. Nh1 Qd8 45. Nf2 Bf4 46. Qe2 Qc7 47. h4 g4 48. Nd3 Bg3
49. fxg4 hxg4 50. Qd2+ f4 51. Nf2 Qd8 52. Bxg6 Kxg6 53. h5+ Kh6 54. Nc1 Qh4 55.
Ncd3 Bf5 56. Kf1 Bxf2 57. Nxf2 g3 58. Nh3 Bxh3 59. gxh3 Qxh3+ 60. Kg1 Kxh5 61.
Re7 Kg6 62. Qd3+ Kf6 63. Re2 Re8 0-1

[Event "Gibraltar Masters"]
[Site "Caleta ENG"]
[Date "2011.02.03"]
[Round "10.13"]
[White "Iordachescu, Viorel"]
[Black "Cmilyte, Viktorija"]
[Result "1-0"]
[WhiteTitle "GM"]
[BlackTitle "GM"]
[WhiteElo "2634"]
[BlackElo "2526"]
[WhiteFideId "13900200"]
[BlackFideId "12801259"]
[EventDate "2011.01.25"]
[EventType "swiss"]

1. e4 c5 2. Nf3 d6 3. d4 cxd4 4. Nxd4 Nf6 5. Nc3 g6 6. Be3 Bg7 7. f3 O-O 8. Qd2
Nc6 9. Bc4 Bd7 10. h4 Ne5 11. Bb3 h5 12. Bh6 a5 13. a4 Rc8 14. Bxg7 Kxg7 15. Nd1
e6 16. Ne3 Rc5 17. O-O Qe7 18. Qf2 Kh7 19. Rfd1 Rb8 20. Qe1 Bc6 21. Rd2 Ra8 22.
c3 Bd7 23. Rad1 b5 24. axb5 Bxb5 25. Nxb5 Rxb5 26. Ba4 Rb6 27. b3 Qc7 28. Rd4
Rd8 29. Kh1 Rc8 30. c4 Qc5 31. Qd2 Rcb8 32. Bb5 Ra8 33. Nf1 Qa3 34. Qe3 Rc8 35.
R4d2 Rc5 36. Rd4 Qb4 37. Nd2 Rc7 38. Nb1 Qc5 39. Nc3 Qa3 40. Qd2 Rb8 41. Rxd6
Qxb3 42. Qf4 Nfg4 43. fxg4 Qxc3 44. gxh5 Rg8 45. h6 a4 46. R6d4 f6 47. R4d3 Nxd3
48. Qxc7+ Kxh6 49. Qg3 Rd8 50. Qe3+ Kh7 51. Bxa4 Qxc4 52. Kg1 Rd4 53. Bb5 Qxb5
54. Qxd4 Ne5 55. Qa7+ Kh6 56. Qe3+ Kh5 57. Rc1 Kxh4 58. Qh6+ Kg4 59. Rf1 Qc5+
60. Kh1 1-0

[Event "Gibraltar Masters"]
[Site "Caleta ENG"]
[Date "2011.02.03"]
[Round "10.14"]
[White "Harika, Dronavalli"]
[Black "Berg, Emanuel"]
[Result "1/2-1/2"]
[WhiteTitle "IM"]
[BlackTitle "GM"]
[WhiteElo "2520"]
[BlackElo "2627"]
[WhiteFideId "5015197"]
[BlackFideId "1704060"]
[EventDate "2011.01.25"]
[EventType "swiss"]

1. c4 Nf6 2. g3 g6 3. Bg2 Bg7 4. Nc3 d6 5. e4 O-O 6. Nge2 c5 7. O-O Nc6 8. d3
Rb8 9. h3 Ne8 10. Be3 Nc7 11. d4 cxd4 12. Nxd4 Ne6 13. Nde2 a6 14. a4 Bd7 15.
Rb1 Na5 16. b3 b5 17. axb5 axb5 18. cxb5 Bxb5 19. Re1 Bxe2 20. Nxe2 Qd7 21. Nf4
Bc3 22. Re2 Nxf4 23. Bxf4 Qe6 24. b4 Rxb4 25. Rxb4 Bxb4 26. e5 dxe5 27. Rxe5 Qb6
28. Be3 Qb8 29. Bf4 Qb6 30. Be3 Qc7 31. Rb5 Rb8 32. Bf4 Bd6 33. Bxd6 exd6 34.
Rxb8+ Qxb8 35. Bd5 1/2-1/2

[Event "Gibraltar Masters"]
[Site "Caleta ENG"]
[Date "2011.02.03"]
[Round "10.15"]
[White "Kacheishvili, Giorgi"]
[Black "Cabrera, Alexis"]
[Result "1-0"]
[WhiteTitle "GM"]
[BlackTitle "GM"]
[WhiteElo "2585"]
[BlackElo "2518"]
[WhiteFideId "13600613"]
[BlackFideId "3502783"]
[EventDate "2011.01.25"]
[EventType "swiss"]

1. d4 Nf6 2. c4 g6 3. Nc3 d5 4. Bf4 Bg7 5. e3 c5 6. dxc5 Qa5 7. Rc1 Ne4 8. cxd5
Nxc3 9. Qd2 Nd7 10. Ne2 Nxc5 11. Nxc3 O-O 12. Bc4 Qb4 13. b3 Bd7 14. O-O Na4 15.
Ne4 Qxd2 16. Nxd2 Nc3 17. a4 Rfc8 18. f3 a6 19. a5 Na2 20. Rcd1 Rc5 21. Ne4 Rcc8
22. Bg5 Nc3 23. Bxe7 Nxd1 24. Rxd1 h6 25. Nc5 Bf6 26. Bd6 Bb5 27. Bxb5 axb5 28.
b4 Bc3 29. Ne4 f5 30. Nxc3 Rxc3 31. Bc5 Rd8 32. e4 fxe4 33. fxe4 Rc4 34. Re1 Rc2
35. h4 h5 36. Kh2 Rd2 37. Kg3 Re8 38. Re3 Kg7 39. Kf3 g5 40. hxg5 Kg6 41. Rc3 h4
42. Be3 Rf8+ 43. Bf4 Rd1 44. Kg4 Rg1 45. a6 Rxg2+ 46. Kh3 Rf2 47. Bd6 R8f7 48.
a7 Ra2 49. Kxh4 Rxa7 50. Rc8 Ra1 51. Rg8+ Kh7 52. Re8 Rh1+ 53. Kg4 Rg1+ 54. Bg3
Rf2 55. Re6 Kg7 56. Rh6 Rb2 57. Rh3 Kg6 58. Kf4 Rf1+ 59. Ke5 Rxb4 60. Bf4 Re1
61. Be3 Rb3 62. Rh6+ Kf7 63. Bd4 Rd3 64. Rf6+ Ke8 65. g6 Rg3 66. Bf2 Rg5+ 67.
Kf4 1-0

[Event "Gibraltar Masters"]
[Site "Caleta ENG"]
[Date "2011.02.03"]
[Round "10.19"]
[White "Tate, Alan"]
[Black "Lafuente, Pablo"]
[Result "0-1"]
[BlackTitle "GM"]
[WhiteElo "2292"]
[BlackElo "2561"]
[WhiteFideId "2401878"]
[BlackFideId "108820"]
[EventDate "2011.01.25"]
[EventType "swiss"]

1. e4 e5 2. Nf3 Nc6 3. Bb5 Nf6 4. d3 d6 5. O-O Bd7 6. c3 g6 7. Re1 Bg7 8. d4 O-O
9. d5 Nb8 10. Bxd7 Nbxd7 11. c4 Nc5 12. Nc3 a5 13. Rb1 Nh5 14. Be3 Qd7 15. Bxc5
dxc5 16. Qa4 Qc8 17. Rbd1 Ra6 18. Qb5 Rf6 19. d6 Rxd6 20. Nd5 Kh8 21. Qxc5 Rc6
22. Qb5 Qa8 23. Qb3 h6 24. Qd3 Qa7 25. b3 Qb8 26. Qe3 Re8 27. Qd2 b6 28. Ne3 Nf6
29. Qd3 Qb7 30. Qb1 Rce6 31. Nd5 Nd7 32. Qc2 Nc5 33. Nc3 R6e7 34. h3 c6 35. Re2
Ne6 36. Re3 Nd4 37. Qb1 Rd7 38. Red3 Red8 39. Nh2 Rd6 40. Kf1 Qe7 41. Nf3 R6d7
42. Ne2 Qe6 43. Nexd4 exd4 44. Re1 a4 45. Qc1 axb3 46. axb3 c5 47. Qf4 Ra8 48.
Qg4 Re7 49. Qf4 Ra3 50. Qg4 Kg8 51. Nd2 h5 52. Qh4 Bh6 53. f4 Re8 54. Qg3 Kh8
55. Rf3 Ra2 56. Rf2 Qf6 57. Ree2 Rc2 58. Re1 Ra8 59. e5 Qf5 60. e6 fxe6 61. Re5
Ra1+ 62. Ke2 Rxd2+ 0-1

[Event "Gibraltar Masters"]
[Site "Caleta ENG"]
[Date "2011.02.03"]
[Round "10.23"]
[White "Le Roux, Jean-Pierre"]
[Black "Sipila, Vilka"]
[Result "1-0"]
[WhiteTitle "GM"]
[WhiteElo "2551"]
[BlackElo "2269"]
[WhiteFideId "609404"]
[BlackFideId "505455"]
[EventDate "2011.01.25"]
[EventType "swiss"]

1. Nf3 Nf6 2. c4 e6 3. d4 c5 4. Nc3 cxd4 5. Nxd4 Nc6 6. g3 Qb6 7. e3 Bb4 8. Bg2
d5 9. a3 Bxc3+ 10. bxc3 dxc4 11. Nxc6 bxc6 12. Qd6 Bb7 13. O-O Rd8 14. Qe5 O-O
15. a4 Nd7 16. Qh5 Nf6 17. Qh4 c5 18. e4 Nd7 19. Be3 Qa5 20. Rad1 f6 21. Qg4
Rfe8 22. Bh6 Re7 23. Bf4 Qxc3 24. Rd6 Rde8 25. Qh5 Rc8 26. Rfd1 Nf8 27. h4 e5
28. Be3 Qc2 29. Qg4 Qxa4 30. h5 c3 31. Rc1 Rf7 32. Qf5 c2 33. Rd2 g6 34. Qh3 c4
35. Rdxc2 a5 36. Bf1 Rfc7 37. Qg4 c3 38. f3 Qd7 39. Qh4 a4 40. Qxf6 Qf7 41. Qxe5
Re7 42. Qf4 Qb3 43. Qd6 Rf7 44. Qe5 Nd7 45. Qd4 Rxf3 46. Rxc3 Rxc3 47. Rxc3 Qb1
48. Rc1 Qxe4 49. Rc8+ Nf8 50. Bc4+ Rf7 51. Qxe4 Bxe4 52. Bh6 a3 53. Rxf8# 1-0

[Event "Gibraltar Masters"]
[Site "Caleta ENG"]
[Date "2011.02.03"]
[Round "10.26"]
[White "Gallagher, Joseph G."]
[Black "Karim, Ismael"]
[Result "1-0"]
[WhiteTitle "GM"]
[BlackTitle "IM"]
[WhiteElo "2501"]
[BlackElo "2375"]
[WhiteFideId "1303422"]
[BlackFideId "625736"]
[EventDate "2011.01.25"]
[EventType "swiss"]

1. e4 d6 2. d4 Nf6 3. Nc3 g6 4. Bg5 Bg7 5. e5 dxe5 6. dxe5 Ng4 7. Qxd8+ Kxd8 8.
O-O-O+ Bd7 9. Nh3 Nxe5 10. Be2 f6 11. Be3 Kc8 12. Nf4 Nbc6 13. Ne4 e6 14. Nc5
Re8 15. Rd2 Bf8 16. Rhd1 Bxc5 17. Bxc5 Nd8 18. Nh5 gxh5 19. f4 Ng6 20. Rxd7 Nxf4
21. Bf3 e5 22. Be7 Nc6 23. Bxf6 a5 24. Rxh7 Kb8 25. g3 e4 26. Bxh5 Nxh5 27. Rxh5
Ka7 28. Re1 Re6 29. Rf5 Rg8 30. Bg5 Ka6 31. h4 Nd4 32. Rf6 Rxf6 33. Bxf6 Nf3 34.
Rxe4 Rxg3 35. b3 Rh3 36. Kb2 Kb5 37. Re3 a4 38. h5 axb3 39. axb3 c5 40. Bg7 c4
41. h6 cxb3 42. Rxb3+ 1-0

[Event "Gibraltar Masters"]
[Site "Caleta ENG"]
[Date "2011.02.03"]
[Round "10.28"]
[White "Daurelle, Herve"]
[Black "Soffer, Ram"]
[Result "1/2-1/2"]
[BlackTitle "GM"]
[WhiteElo "2243"]
[BlackElo "2489"]
[WhiteFideId "602655"]
[BlackFideId "2800101"]
[EventDate "2011.01.25"]
[EventType "swiss"]

1. e4 e6 2. d4 d5 3. Nc3 Bb4 4. exd5 exd5 5. Bd3 Nc6 6. a3 Bxc3+ 7. bxc3 Nf6 8.
Ne2 O-O 9. O-O Re8 10. Ng3 Bg4 11. f3 Bh5 12. Nxh5 Nxh5 13. Rb1 Na5 14. Re1 Qh4
15. Bd2 b6 16. Re2 Qf6 17. Qe1 Kf8 18. Qf2 Rxe2 19. Qxe2 Re8 20. Qf2 Nf4 21. Re1
Rxe1+ 22. Qxe1 Nxd3 23. cxd3 Nc6 24. Qg3 Qe7 25. Qh3 f6 26. Kf2 Qxa3 27. Qc8+
Kf7 28. Qxc7+ Ne7 29. h4 Qa2 30. Ke2 b5 31. Qc5 a6 32. h5 Qb1 33. g4 a5 34. c4
bxc4 35. dxc4 Qa2 36. cxd5 Nxd5 37. Qa7+ Kf8 38. Qa8+ Kf7 39. Qa7+ Ke6 40. Qa6+
Kd7 41. Qa7+ Nc7 42. Qxa5 Qc4+ 43. Ke1 Qxd4 44. Qf5+ Ne6 45. Qb5+ Ke7 46. Bb4+
Kf7 47. Qb7+ Kg8 48. Qa8+ Kf7 49. Qb7+ Kg8 50. Qa8+ 1/2-1/2

[Event "Gibraltar Masters"]
[Site "Caleta ENG"]
[Date "2011.02.03"]
[Round "10.31"]
[White "Zhukova, Natalia"]
[Black "Valgmae, Toomas"]
[Result "1-0"]
[WhiteTitle "GM"]
[WhiteElo "2441"]
[BlackElo "2190"]
[WhiteFideId "14101513"]
[BlackFideId "4502523"]
[EventDate "2011.01.25"]
[EventType "swiss"]

1. d4 d5 2. c4 e6 3. Nf3 Nf6 4. Nc3 Be7 5. Qc2 O-O 6. Bg5 c6 7. e3 Nbd7 8. Rd1
h6 9. h4 b6 10. Bxf6 Nxf6 11. Ne5 Bb7 12. g4 Nd7 13. g5 f5 14. Ng6 Re8 15. Qe2
Kh7 16. Qh5 Rg8 17. cxd5 cxd5 18. Bb5 Qe8 19. Bxd7 Qxg6 20. Qxg6+ Kxg6 21. Bxe6
Rgd8 22. h5+ Kh7 23. Bxf5+ Kh8 24. gxh6 gxh6 25. Rc1 Rf8 26. Bg4 Rg8 27. Be6 Rg5
28. f4 Rg2 29. Bxd5 Bxd5 30. Nxd5 Bf8 31. Rc7 Rd8 32. Nc3 Rxb2 33. Ne2 Bd6 34.
Rc6 Rxa2 35. Kf2 b5 36. Kf3 b4 37. Rhc1 a5 38. Rc8 Rxc8 39. Rxc8+ Kg7 40. Ng3
Bf8 41. Rc7+ Kg8 42. Ne4 Bg7 43. d5 Kf8 44. d6 Ra1 45. Rc8+ 1-0

[Event "Gibraltar Masters"]
[Site "Caleta ENG"]
[Date "2011.02.03"]
[Round "10.32"]
[White "Sandipan, Chanda"]
[Black "Kantans, Toms"]
[Result "1-0"]
[WhiteTitle "GM"]
[BlackTitle "FM"]
[WhiteElo "2641"]
[BlackElo "2342"]
[WhiteFideId "5004225"]
[BlackFideId "11602945"]
[EventDate "2011.01.25"]
[EventType "swiss"]

1. d4 Nf6 2. c4 g6 3. f3 Bg7 4. e4 d6 5. Nc3 O-O 6. Nge2 Nc6 7. Be3 e5 8. Qd2 a6
9. d5 Ne7 10. g4 b5 11. cxb5 axb5 12. Nxb5 c6 13. dxc6 d5 14. g5 Nh5 15. exd5
Qxd5 16. Qxd5 Nxd5 17. Bc5 Rd8 18. c7 Re8 19. Nd6 Bf8 20. Nxe8 Bxc5 21. Nc3 Ne3
22. Rc1 Bf5 23. Ne4 Bb4+ 24. Kf2 1-0

[Event "Gibraltar Masters"]
[Site "Caleta ENG"]
[Date "2011.02.03"]
[Round "10.33"]
[White "Felgaer, Ruben"]
[Black "Getz, Nicolai"]
[Result "1/2-1/2"]
[WhiteTitle "GM"]
[BlackTitle "FM"]
[WhiteElo "2585"]
[BlackElo "2334"]
[WhiteFideId "107069"]
[BlackFideId "1505572"]
[EventDate "2011.01.25"]
[EventType "swiss"]

1. e4 c5 2. Nf3 Nc6 3. d4 cxd4 4. Nxd4 g6 5. Nc3 Bg7 6. Nb3 Nf6 7. g4 d5 8. exd5
Nb4 9. Bb5+ Kf8 10. Be2 Qd7 11. Bg5 Nbxd5 12. Nxd5 Nxd5 13. c4 h6 14. Bd2 Nb6
15. Qc2 Qc7 16. c5 Na4 17. Be3 Bd7 18. Nd4 Nxc5 19. O-O Na6 20. Qb3 Nc5 21. Qc2
Na6 22. Qb3 Nc5 23. Qa3 Ne6 24. Rac1 Qe5 25. Rfd1 Nxd4 26. Rxd4 Bc6 27. b4 h5
28. g5 Qe6 29. Rf4 Be5 30. Bc4 Bd5 31. Bxd5 Qxd5 32. Rfc4 h4 33. Qb3 Kg7 34. f4
h3 35. Qc2 Rac8 36. Qe2 Rxc4 37. Rxc4 Ba1 38. Rc5 Qe6 39. Rc1 Rh4 40. Rxa1 Rg4+
41. Kf1 Kg8 42. Bf2 Qf5 43. Bg3 Rxf4+ 44. Kg1 Rxb4 45. Rd1 Qxg5 46. Qe5 Qxe5 47.
Rd8+ Kg7 48. Bxe5+ f6 49. Bc3 Rg4+ 50. Kf1 Rg2 51. Rd7 Rxh2 52. Rxe7+ Kh6 53.
Bxf6 g5 54. Kg1 Rxa2 55. Rxb7 Kg6 56. Be5 Kf5 57. Bc7 a6 58. Kh1 g4 59. Rb3 Ke6
60. Rb4 Kf5 61. Rf4+ Kg5 62. Rc4 Ra1+ 1/2-1/2

[Event "Gibraltar Masters"]
[Site "Caleta ENG"]
[Date "2011.02.03"]
[Round "10.37"]
[White "Weber, Tom"]
[Black "El Debs, Felipe de Cresce"]
[Result "0-1"]
[WhiteTitle "FM"]
[BlackTitle "GM"]
[WhiteElo "2310"]
[BlackElo "2499"]
[WhiteFideId "4000609"]
[BlackFideId "2106981"]
[EventDate "2011.01.25"]
[EventType "swiss"]

1. e4 c6 2. d4 d5 3. e5 c5 4. dxc5 Nc6 5. Nf3 Bg4 6. h3 Bxf3 7. Qxf3 e6 8. Nc3
Bxc5 9. Qg3 Kf8 10. Bd3 Nge7 11. O-O Ng6 12. Re1 Bd4 13. Bg5 Qb8 14. h4 Bxe5 15.
Qf3 Bh2+ 16. Kf1 Nge5 17. Qh5 Nxd3 18. cxd3 Be5 19. d4 Bxd4 20. Rad1 h6 21. Rd3
Rg8 22. Bd2 g6 23. Qg4 h5 24. Qh3 Bf6 25. Rf3 Qd8 26. Rxe6 fxe6 27. Qxe6 Kg7 28.
Bg5 Rf8 29. Nxd5 Bxg5 0-1

[Event "Gibraltar Masters"]
[Site "Caleta ENG"]
[Date "2011.02.03"]
[Round "10.41"]
[White "Gaponenko, Inna"]
[Black "Vogel, Jaap"]
[Result "1-0"]
[WhiteTitle "IM"]
[BlackTitle "FM"]
[WhiteElo "2466"]
[BlackElo "2207"]
[WhiteFideId "14101181"]
[BlackFideId "1000764"]
[EventDate "2011.01.25"]
[EventType "swiss"]

1. e4 e6 2. d4 d5 3. Nd2 Nf6 4. e5 Nfd7 5. Bd3 c5 6. c3 Nc6 7. Ne2 cxd4 8. cxd4
f6 9. exf6 Nxf6 10. O-O Bd6 11. Nf3 Qc7 12. Nc3 a6 13. h3 O-O 14. Be3 Nb4 15.
Rc1 Nxd3 16. Nxd5 Nxf2 17. Rxf2 Qa5 18. Nxf6+ Rxf6 19. Ne5 Rxf2 20. Bxf2 Qd5 21.
Qh5 g6 22. Qh4 Bxe5 23. Rc5 Qd7 24. Rxe5 Qf7 25. Qe4 Bd7 26. Qxb7 Rf8 27. Be3
Bb5 28. Qxf7+ Kxf7 29. Rc5 Rd8 30. b3 Rd5 31. Rc7+ Rd7 32. Rc8 Rb7 33. Bf4 a5
34. Rh8 Kf6 35. g4 a4 36. h4 Bc6 37. Be5+ Ke7 38. Rxh7+ Ke8 39. Rxb7 Bxb7 40.
Kf2 axb3 41. axb3 1-0

[Event "Gibraltar Masters"]
[Site "Caleta ENG"]
[Date "2011.02.03"]
[Round "10.42"]
[White "Slavin, Alexei"]
[Black "Chapman, Terry P D"]
[Result "1-0"]
[WhiteTitle "IM"]
[WhiteElo "2417"]
[BlackElo "2250"]
[WhiteFideId "24104388"]
[BlackFideId "413399"]
[EventDate "2011.01.25"]
[EventType "swiss"]

1. e4 d6 2. c4 c5 3. Nc3 Nc6 4. Nge2 g6 5. d4 cxd4 6. Nxd4 Nf6 7. Be2 Nxd4 8.
Qxd4 Bg7 9. Bg5 O-O 10. Qd2 Be6 11. Rc1 Qa5 12. f3 Rfc8 13. b3 a6 14. Be3 b5 15.
Nd5 Qxd2+ 16. Kxd2 Nxd5 17. exd5 Bd7 18. b4 e6 19. Bf4 exd5 20. cxd5 Bf8 21. g4
f5 22. h3 h6 23. h4 Kf7 24. gxf5 Bxf5 25. h5 Rxc1 26. hxg6+ Kxg6 27. Rxc1 Rc8
28. Rc6 Rxc6 29. dxc6 Bc8 30. Ke3 Kf5 31. Bf1 Kf6 32. Kd4 h5 33. Bg3 Be6 34. a3
Kg5 35. Be2 Be7 36. Ke4 h4 37. f4+ Kg6 38. Bh2 Kf6 39. Kd4 d5 40. Bf3 Bd6 41.
Bxd5 Bxd5 42. Kxd5 Bc7 43. Ke4 Bd6 44. Kf3 Kf5 45. Bg1 Ke6 46. Bb6 Ke7 47. Bc5 1-0

[Event "Gibraltar Masters"]
[Site "Caleta ENG"]
[Date "2011.02.03"]
[Round "10.43"]
[White "Boskovic, Drasko"]
[Black "Szuper, Paul"]
[Result "1-0"]
[WhiteTitle "IM"]
[WhiteElo "2418"]
[BlackElo "2174"]
[WhiteFideId "927368"]
[BlackFideId "2026791"]
[EventDate "2011.01.25"]
[EventType "swiss"]

1. d4 d5 2. Bf4 Bg4 3. Nf3 Nc6 4. e3 e6 5. Nbd2 Bd6 6. h3 Bh5 7. Bxd6 cxd6 8. c4
Nf6 9. Be2 O-O 10. O-O Rc8 11. cxd5 exd5 12. Ne1 Bxe2 13. Qxe2 Re8 14. Ndf3 Qb6
15. Rd1 Rc7 16. a3 a5 17. g4 h6 18. Ng2 a4 19. Nf4 g5 20. Nh5 Nxh5 21. gxh5 Re4
22. Kh2 Rce7 23. Qc2 Qb5 24. Rg1 Kh8 25. Rg2 Qb3 26. Qb1 Qb5 27. Nd2 R4e6 28.
Qf5 Qe2 29. Nf3 f6 30. Re1 Qxb2 31. Nh4 Nxd4 32. exd4 Rxe1 33. Qxf6+ Kg8 34. Nf5
Qb1 35. Nxe7+ Rxe7 1-0

[Event "Gibraltar Masters"]
[Site "Caleta ENG"]
[Date "2011.02.03"]
[Round "10.44"]
[White "Wohl, Aleksandar H."]
[Black "Tscharotschkin, Michael"]
[Result "1-0"]
[WhiteTitle "IM"]
[WhiteElo "2409"]
[BlackElo "2181"]
[WhiteFideId "3200345"]
[BlackFideId "4619510"]
[EventDate "2011.01.25"]
[EventType "swiss"]

1. e4 e6 2. d3 d5 3. Nd2 Nf6 4. Ngf3 c5 5. g3 Nc6 6. Bg2 Be7 7. O-O O-O 8. Re1
b5 9. exd5 exd5 10. a4 b4 11. Nf1 a5 12. Ne3 Ra6 13. b3 Ng4 14. Bb2 Nxe3 15.
Rxe3 d4 16. Re1 Bg4 17. h3 Bh5 18. Bc1 Bd6 19. Bd2 Bb8 20. Qc1 Bxf3 21. Bxf3 Ne7
22. Bg2 Nd5 23. Qd1 f5 24. Qf3 Nc3 25. Bf4 Bxf4 26. Qxf4 Ra7 27. Re6 g5 28. Qe5
f4 29. Re1 Raf7 30. Rd6 fxg3 31. Rxd8 gxf2+ 32. Kh2 fxe1=Q 33. Rxf8+ Kxf8 34.
Qxe1 Re7 35. Qf2+ 1-0

[Event "Gibraltar Masters"]
[Site "Caleta ENG"]
[Date "2011.02.03"]
[Round "10.45"]
[White "Wahlbom, Magnus"]
[Black "Jones, Richard S."]
[Result "0-1"]
[BlackTitle "FM"]
[WhiteElo "2305"]
[BlackElo "2361"]
[WhiteFideId "1700685"]
[BlackFideId "1800833"]
[EventDate "2011.01.25"]
[EventType "swiss"]

1. d4 d5 2. c4 c6 3. Nf3 Nf6 4. Nc3 dxc4 5. a4 Bf5 6. e3 e6 7. Bxc4 Bb4 8. O-O
O-O 9. Qe2 Bg6 10. Ne5 Nbd7 11. Nxg6 hxg6 12. Rd1 Qa5 13. Qc2 Rac8 14. Na2 Bd6
15. b4 Qh5 16. h3 e5 17. Bb2 e4 18. Nc3 Nb6 19. Bf1 Rfe8 20. Ba3 Nbd5 21. Nxd5
cxd5 22. Qb3 g5 23. b5 Bb8 24. g3 g4 25. h4 g5 26. hxg5 Nh7 27. g6 Ng5 28. gxf7+
Kxf7 29. Qxd5+ Kg6 30. Bc4 Rxc4 31. Qxc4 Qh3 32. f4 Nf3+ 33. Kf2 Qh2+ 0-1

[Event "Gibraltar Masters"]
[Site "Caleta ENG"]
[Date "2011.02.03"]
[Round "10.46"]
[White "Montero Melendez, Rafael"]
[Black "Karavade, Eesha"]
[Result "1-0"]
[BlackTitle "IM"]
[WhiteElo "2265"]
[BlackElo "2353"]
[WhiteFideId "2221772"]
[BlackFideId "5012600"]
[EventDate "2011.01.25"]
[EventType "swiss"]

1. c4 e5 2. g3 Nf6 3. Bg2 d5 4. cxd5 Nxd5 5. Nc3 Nb6 6. Nf3 Nc6 7. O-O Be7 8. a3
Be6 9. b4 Nd4 10. Rb1 f6 11. d3 O-O 12. Nd2 c6 13. e3 Nf5 14. Qc2 Rf7 15. Nb3
Nd5 16. Na4 Nd6 17. Nac5 Bg4 18. h3 Bc8 19. d4 exd4 20. Nxd4 Nb6 21. Rd1 Qe8 22.
e4 Bf8 23. Bf4 Nbc4 24. Qb3 Ne5 25. Bxe5 fxe5 26. Nde6 Bxe6 27. Nxe6 Qe7 28. Rb2
Re8 29. Nxf8 Kxf8 30. a4 Qe6 31. Qc3 Qc4 32. Qxc4 Nxc4 33. Rc2 Nb6 34. a5 Nd7
35. a6 Nb8 36. axb7 Rxb7 37. Rc4 Re6 38. Ra1 Ke7 39. h4 Rd6 40. Ra5 Rd1+ 41. Kh2
Kd6 42. f4 Nd7 43. Bh3 Rd2+ 44. Kg1 exf4 45. gxf4 Nb6 46. e5+ Kc7 47. Rc1 Nd5
48. f5 Nxb4 49. f6 gxf6 50. exf6 Kd6 51. Re1 c5 52. Re6+ Kd5 53. Re8 Nc6 54. Ra1
Nd4 55. Bg2+ Rxg2+ 56. Kxg2 Rf7 57. Rf1 Nc6 58. Kg3 c4 59. Kg4 c3 1-0

[Event "Gibraltar Masters"]
[Site "Caleta ENG"]
[Date "2011.02.03"]
[Round "10.47"]
[White "Avalos Parra, Joao"]
[Black "Illner, Achim, Dr."]
[Result "0-1"]
[WhiteTitle "FM"]
[BlackTitle "FM"]
[WhiteElo "2252"]
[BlackElo "2345"]
[WhiteFideId "3402541"]
[BlackFideId "4615840"]
[EventDate "2011.01.25"]
[EventType "swiss"]

1. c4 e6 2. Nf3 Nf6 3. g3 d5 4. Bg2 dxc4 5. Na3 Bxa3 6. bxa3 O-O 7. Bb2 Nc6 8.
Qc2 Re8 9. Qxc4 e5 10. Ng5 Qe7 11. O-O h6 12. Ne4 Nxe4 13. Bxe4 Be6 14. Qc2 Rad8
15. Bxc6 bxc6 16. d3 c5 17. Rac1 c4 18. dxc4 Qc5 19. Qc3 f6 20. e3 Bh3 21. Rfe1
e4 22. f4 exf3 23. Rc2 Bf5 24. Rd2 Be4 25. Red1 f2+ 26. Kf1 Qf5 27. Rxd8 Qh3+
28. Ke2 Bf3+ 29. Kxf3 f1=Q+ 30. Rxf1 Qxf1+ 31. Kg4 Rxd8 32. e4 Qe2+ 0-1